00318nam a2200121Ia 4500008004100000041000800041082001500049100001900064245002500083260002800108300001900136520004100155240719s9999 xx 000 0 und d aeng a300.72 PHA aPhanse, Sameer aResearch Methodology aNew DelhibOxfordc2016 a727 P.; 24 Cm. aFaculty Purchase By Dr. Saleena Khan